000 00528nam a2200181 a 4500
001 000024036
005 20200930022649.0
008 110118s1948 mx r 000 | spa d
040 _aDO-SdBNP
_bspa
_cBNPHU
041 _aBNGR
082 _axxx
_bH552t
100 1 _aHermanos, Mancera
_949382
245 1 0 _aTerminologĂ­a del contador /
_cMancera Hermanos.
260 _aMéxico, D.F. :
_bCVLTVRA,
_c1948.
300 _a212 p. ;
_c20 cm.
490 _aEscuela Bancaria y Comercial
830 0 _aEscuela Bancaria y Comercial
_949383
999 _c23531
_d23531